Discurso de la Asociación de la Escuela de Sociología y ccpp en la sesión inaugural del XII Congreso Latinoamericano de Sociología
Furkejuvvon:
| Váldodahkki: | |
|---|---|
| Materiálatiipa: | Texto |
| Almmustuhtton: |
Quito :
|
| Fáddágilkorat: |
Lasit fáddágilkoriid
Eai fáddágilkorat, Lasit vuosttaš fáddágilkora!
|
MARC
| LEADER | 00000 a a2200000 04500 | ||
|---|---|---|---|
| 001 | 16151 | ||
| 003 | |||
| 040 | |||
| 090 | |a EXTRAVIADO | ||
| 100 | |a Murgueytió, José | ||
| 245 | |a Discurso de la Asociación de la Escuela de Sociología y ccpp en la sesión inaugural del XII Congreso Latinoamericano de Sociología | ||
| 260 | |a Quito : | ||
| 300 | |a 2 p. | ||
| 999 | |c 10865 |d 10865 | ||
